000 00232 a2200097 4500
001 46560
100 _aMumtaz Iqbal Malik
245 _aNawabzada Nasrullah Khan ki Aap baithi
260 _aKarachi
_bShabal
_c
090 _c29668
_d29668
942 _aNUST-CAE
_cM
_c21855
999 _c281633
_d281633